| 000 | 00886nam a22002417a 4500 | ||
|---|---|---|---|
| 005 | 20250407112214.0 | ||
| 008 | 250115b ||||| |||| 00| 0 eng d | ||
| 020 | _a97881910849078 | ||
| 040 | _cAL | ||
| 041 | _aKannada | ||
| 082 |
_223 _a915.4K _bRANP |
||
| 100 |
_aRANGANATHA _9207747 |
||
| 100 |
_bರಂಗನಾಥ _9207748 |
||
| 245 |
_aPrakratika bhoogolashastrada mulatatvagalu _bಪ್ರಾಕೃತಿಕ ಭೂಗೋಳಶಾಸ್ತ್ರದ ಮೂಲತತ್ವಗಳು |
||
| 260 |
_aGadaga _bVidyanidhi Prakashana _c2024 |
||
| 300 |
_axii,571p. _bPB _c25x18cm. |
||
| 365 |
_2Political Science _aBLCR-000062 _b576.00 _c₹ _d720.00 _e20% _f07-01-2025 |
||
| 650 |
_aPrinciples of Physical Geography _9193544 |
||
| 650 |
_aLithosphere: ಶಿಲಾಗೋಳ _9193545 |
||
| 650 |
_aCompetitive Examination _9193549 |
||
| 700 |
_aRANGANATHA _9193543 |
||
| 942 |
_2ddc _cBK |
||
| 999 |
_c233632 _d233632 |
||